000 00429nam a2200157Ia 4500
008 240729s9999 xx 000 0 und d
022 _a1664-1078
245 0 _aFrontiers in Psychology
260 _aSwitzerland
260 _bFrontiers Media S.A.
650 _a Psychology
650 _aPhilosophy. Psychology. Religion
856 _uhttps://doaj.org/toc/c96ae8c547e840d9acc80f7151a28617
942 _2ddc
942 _cDOAJEJ
999 _c67025
_d67025
945 _a1
_bMadushi Gamage
_c1
_dMadushi Gamage